[Event "1CHC_F"]
[Site "?"]
[Date "2007.??.??"]
[Round "?"]
[White "Dedina, Miroslav"]
[Black "Pirhala, Ladislav"]
[Result "1-0"]
[WhiteElo "2165"]
[BlackElo "2120"]
[PlyCount "131"]
[EventDate "2007.??.??"]
[EventType "corr"]
[SourceDate "2007.01.09"]

1. e4 c5 2. Nf3 d6 3. d4 cxd4 4. Nxd4 Nf6 5. Nc3 a6 6. Be3 g6 7. Be2 Bg7 8. Qd2
O-O 9. h4 h5 10. O-O-O Nc6 11. f3 d5 12. Nxc6 bxc6 13. e5 Nd7 14. f4 e6 15. g4
c5 16. gxh5 d4 17. hxg6 Qa5 18. Bxd4 cxd4 19. Qxd4 Rb8 20. gxf7+ Rxf7 21. Bh5
Rf8 22. Rhg1 Qc5 23. Ne2 Kh8 24. b3 Qxd4 25. Rxd4 a5 26. Bg4 Rb6 27. Kb1 Nc5
28. Rc4 Rc6 29. Nd4 Rc7 30. Nb5 Ba6 31. Nxc7 Bxc4 32. bxc4 Rxf4 33. Nxe6 Nxe6
34. Bxe6 Bxe5 35. Rh1 Kg7 36. Kc1 Kh6 37. h5 Rf3 38. Bg4 Bf4+ 39. Kb1 Re3 40.
c5 Re5 41. Rf1 Kg5 42. Rg1 Be3 43. Rg2 Kf4 44. Be2 Bxc5 45. c3 Re3 46. Kc2 Rh3
47. Rg6 a4 48. Ra6 Rh2 49. Kd3 a3 50. Ra4+ Ke5 51. Ra5 Kd6 52. Bf3 Rxa2 53. h6
Rh2 54. Be4 Bb6 55. Ra6 Kc5 56. h7 Bd8 57. Rxa3 Bf6 58. Bf5 Rh4 59. Ra8 Bg7 60.
Rc8+ Kd6 61. c4 Ke5 62. Bg6 Rh3+ 63. Kd2 Rh6 64. c5 Rxg6 65. Rg8 Kf6 66. c6 1-0

[Event "1CHC_F"]
[Site "?"]
[Date "2007.??.??"]
[Round "?"]
[White "Splichal, Josef"]
[Black "Dedina, Miroslav"]
[Result "0-1"]
[WhiteElo "2168"]
[BlackElo "2165"]
[PlyCount "76"]
[EventDate "2007.??.??"]
[EventType "corr"]
[SourceDate "2007.01.09"]

1. e4 c5 2. Nc3 d6 3. Bc4 Nf6 4. Nf3 a6 5. d4 cxd4 6. Nxd4 e6 7. O-O b5 8. Bb3
b4 9. Na4 Be7 10. c3 O-O 11. cxb4 Nxe4 12. Be3 d5 13. Nc5 Nxc5 14. bxc5 Bd7 15.
Bc2 Nc6 16. Nxc6 Bxc6 17. Bd4 Bf6 18. Qd3 g6 19. Rfe1 a5 20. Qc3 Bxd4 21. Qxd4
Qe7 22. f4 Rfe8 23. Rad1 f6 24. Qc3 Kg7 25. Rd2 Qc7 26. Rf2 e5 27. fxe5 Rxe5
28. Rc1 Rb8 29. Bd3 Rb4 30. Be2 Rh4 31. g4 Qa7 32. Qg3 g5 33. Bf3 h5 34. gxh5
Rf4 35. h6+ Kxh6 36. Qh3+ Kg7 37. Qf1 Re3 38. Bg2 Rg4 0-1

[Event "1CHC_F"]
[Site "?"]
[Date "2007.??.??"]
[Round "?"]
[White "Kohler, Josef"]
[Black "Strnad, Jiri"]
[Result "0-1"]
[WhiteElo "2176"]
[BlackElo "2258"]
[PlyCount "96"]
[EventDate "2007.??.??"]
[EventType "corr"]
[SourceDate "2007.01.09"]

1. c4 c5 2. Nf3 Nf6 3. Nc3 Nc6 4. g3 d5 5. cxd5 Nxd5 6. Bg2 Nc7 7. O-O e5 8. d3
Be7 9. Nd2 Bd7 10. Nc4 f6 11. f4 b5 12. Ne3 exf4 13. gxf4 Rc8 14. f5 O-O 15.
Ned5 Ne5 16. a4 b4 17. Nxe7+ Qxe7 18. Ne4 Rfd8 19. Be3 Ng4 20. Qb3+ Kh8 21.
Bxc5 Qe5 22. Bd6 Qd4+ 23. e3 Qxe3+ 24. Kh1 Bc6 25. Rae1 Bxe4 26. Bxe4 Qd4 27.
Bxc7 Rxc7 28. h3 Ne3 29. Rf2 Re8 30. Rf3 Nc2 31. Rb1 Re5 32. Rc1 a5 33. Rxc2
Rxe4 34. dxe4 Qd1+ 35. Rf1 Qxf1+ 36. Kh2 Qf4+ 37. Kg1 Rxc2 38. Qxc2 Qg3+ 39.
Qg2 Qd3 40. Kh2 h6 41. h4 Qd1 42. Qf2 Kg8 43. Qg3 Qc2+ 44. Qg2 Qxa4 45. Qe2 Qc6
46. Kg3 a4 47. Kf3 Kh7 48. Qe3 Qa8 0-1

[Event "1CHC_F"]
[Site "?"]
[Date "2007.??.??"]
[Round "?"]
[White "Juhasz, Jozef"]
[Black "Strnad, Jiri"]
[Result "1/2-1/2"]
[WhiteElo "2216"]
[BlackElo "2258"]
[PlyCount "89"]
[EventDate "2007.??.??"]
[EventType "corr"]
[SourceDate "2007.01.09"]

1. e4 e6 2. d4 d5 3. Nc3 Bb4 4. e5 c5 5. a3 Bxc3+ 6. bxc3 Ne7 7. Qg4 Qc7 8.
Qxg7 Rg8 9. Qxh7 cxd4 10. Ne2 Nbc6 11. f4 dxc3 12. Qd3 Bd7 13. Qxc3 Nf5 14. Rb1
d4 15. Qc4 a6 16. Qd3 O-O-O 17. g3 Na5 18. Bg2 Bc6 19. Bxc6 Qxc6 20. O-O Qc5
21. Rf3 Rd7 22. h3 Nc4 23. g4 Nfe3 24. Ng3 Rh8 25. Ne4 Qc6 26. Rg3 Kb8 27. Rb4
a5 28. Rb1 Nd5 29. Qe2 Rc7 30. Rf3 a4 31. Qd3 Rd7 32. Nf6 Nxf6 33. exf6 Rd5 34.
Rg3 Rc5 35. Qf3 Qc7 36. Qf1 Na5 37. Bd2 Rxc2 38. Bxa5 Qxa5 39. Qf3 Qc7 40. Qe4
Rc3 41. Kg2 Rd8 42. Rd3 Rxd3 43. Qxd3 Qxf4 44. Qg3 Qxg3+ 45. Kxg3 1/2-1/2

[Event "1CHC_F"]
[Site "?"]
[Date "2007.??.??"]
[Round "?"]
[White "Kuchta, Jiri"]
[Black "Tyrlik, Jaroslav"]
[Result "1/2-1/2"]
[WhiteElo "2244"]
[BlackElo "2101"]
[PlyCount "65"]
[EventDate "2007.??.??"]
[EventType "corr"]
[SourceDate "2007.01.09"]

1. d4 Nf6 2. Nf3 d5 3. c4 e6 4. e3 Nbd7 5. Nc3 c6 6. Bd3 Bd6 7. O-O dxc4 8.
Bxc4 O-O 9. e4 e5 10. Bg5 Qe7 11. d5 Nb6 12. Qd3 h6 13. Bh4 a5 14. Nd2 a4 15.
b3 Rd8 16. Nxa4 Nxa4 17. bxa4 Bb4 18. a3 Bxd2 19. Bxf6 Qxf6 20. Qxd2 Rxa4 21.
Qc2 b5 22. Bb3 Ra6 23. dxc6 Rxc6 24. Qe2 Ba6 25. Qb2 b4 26. Rfd1 Rxd1+ 27. Rxd1
bxa3 28. Qxa3 Bc4 29. Qb4 Bxb3 30. Qxb3 Rb6 31. Qa2 Qf4 32. f3 Kh7 33. Qf2
1/2-1/2

[Event "1CHC_F"]
[Site "?"]
[Date "2007.??.??"]
[Round "?"]
[White "Kohler, Josef"]
[Black "Splichal, Josef"]
[Result "0-1"]
[WhiteElo "2176"]
[BlackElo "2168"]
[PlyCount "88"]
[EventDate "2007.??.??"]
[EventType "corr"]
[SourceDate "2007.01.09"]

1. c4 Nf6 2. Nf3 c5 3. Nc3 Nc6 4. g3 e5 5. Bg2 Be7 6. O-O d6 7. d3 O-O 8. a3 h6
9. Nd2 Be6 10. Nd5 Qd7 11. e3 h5 12. b3 h4 13. Bb2 h3 14. Bh1 Bd8 15. f4 a5 16.
Rb1 Re8 17. Qf3 Bg4 18. Qf2 Nh7 19. Bf3 Be6 20. Ne4 f5 21. Nec3 Rb8 22. Rfe1
Rf8 23. Qf1 g5 24. Bh1 g4 25. Nb5 a4 26. bxa4 Ra8 27. Nbc3 Nf6 28. Qf2 Nh5 29.
Ba1 Ra5 30. Rb5 Qh7 31. Rf1 Ra7 32. fxe5 Nxe5 33. Qe2 Bd7 34. Rbb1 Qg6 35. Nb5
Ra6 36. Nxd6 Qxd6 37. Rxb7 Bc6 38. Rb3 Bxa4 39. Rbb1 Nd7 40. Qb2 Qh6 41. e4 f4
42. gxf4 Nxf4 43. Rxf4 Rxf4 44. Nxf4 Rb6 0-1

[Event "1CHC_F"]
[Site "?"]
[Date "2007.??.??"]
[Round "?"]
[White "Kratochvil, Vaclav"]
[Black "Kohler, Josef"]
[Result "1/2-1/2"]
[WhiteElo "2216"]
[BlackElo "2176"]
[PlyCount "109"]
[EventDate "2007.??.??"]
[EventType "corr"]
[SourceDate "2007.01.09"]

1. e4 c5 2. Nf3 Nc6 3. d4 cxd4 4. Nxd4 Nf6 5. Nc3 d6 6. Bg5 e6 7. Qd2 a6 8.
O-O-O h6 9. Bf4 Bd7 10. Nxc6 Bxc6 11. f3 d5 12. Qe1 Bb4 13. a3 Ba5 14. Bd2 Rc8
15. Qg3 d4 16. Be3 Bc7 17. f4 g5 18. e5 gxf4 19. Qxf4 Nd7 20. Rxd4 Qg5 21. Ne4
Qxe5 22. Qh4 Bd8 23. Nd6+ Qxd6 24. Qxd8+ Kxd8 25. Rxd6 Bd5 26. Rg1 Ke7 27. Bf4
Rc5 28. Bd3 f6 29. b4 Rc3 30. Kb2 Rc6 31. Rxc6 Bxc6 32. g3 Rd8 33. Re1 h5 34.
Bg6 h4 35. gxh4 Rh8 36. h5 Nf8 37. Rg1 e5 38. Be3 Ke6 39. c4 Nxg6 40. hxg6
Rxh2+ 41. Kc3 Rh8 42. Kd3 Rg8 43. g7 f5 44. Ke2 Be8 45. Bh6 Bf7 46. c5 f4 47.
Ke1 Kf5 48. Rg2 Bc4 49. Rg5+ Ke4 50. Rg6 Rd8 51. Rd6 Rc8 52. Bg5 Rc7 53. Rg6
Bg8 54. Bh6 Kf5 55. Rg5+ 1/2-1/2

[Event "1CHC_F"]
[Site "?"]
[Date "2007.??.??"]
[Round "?"]
[White "Pirhala, Ladislav"]
[Black "Paulik, Vaclav"]
[Result "1/2-1/2"]
[WhiteElo "2120"]
[BlackElo "2160"]
[PlyCount "101"]
[EventDate "2007.??.??"]
[EventType "corr"]
[SourceDate "2007.01.09"]

1. e4 e5 2. Nf3 Nc6 3. Bb5 a6 4. Ba4 Nf6 5. O-O Nxe4 6. d4 b5 7. Bb3 d5 8. dxe5
Be6 9. c3 Bc5 10. Nbd2 O-O 11. Bc2 Nxf2 12. Rxf2 f6 13. exf6 Bxf2+ 14. Kxf2
Qxf6 15. Kg1 Rae8 16. Bb3 Kh8 17. Nf1 Ne5 18. Be3 Nxf3+ 19. gxf3 Qxf3 20. Qxf3
Rxf3 21. Bd4 c6 22. Re1 Kg8 23. Bd1 Rff8 24. Re3 Bd7 25. Kg2 a5 26. a4 Rxe3 27.
Nxe3 Rb8 28. axb5 Rxb5 29. c4 dxc4 30. Bc3 Be6 31. Kg3 Rb8 32. Be2 a4 33. Nxc4
Rb5 34. Nd2 Rg5+ 35. Kf4 Rg1 36. Ke3 Bd5 37. Be5 Kf7 38. Ne4 Ke6 39. Bc3 Bxe4
40. Kxe4 Rg2 41. Bc4+ Ke7 42. Be5 g5 43. Bf1 Rf2 44. Bd3 g4 45. Ke3 Rf3+ 46.
Kd4 h5 47. Bg3 Kf6 48. Bc2 a3 49. bxa3 Rxa3 50. Bh4+ Ke6 51. Bg3 1/2-1/2

[Event "1CHC_F"]
[Site "?"]
[Date "2007.??.??"]
[Round "?"]
[White "Portych, Vaclav"]
[Black "Splichal, Josef"]
[Result "0-1"]
[WhiteElo "2147"]
[BlackElo "2168"]
[PlyCount "70"]
[EventDate "2007.??.??"]
[EventType "corr"]
[SourceDate "2007.01.09"]

1. c4 Nf6 2. Nc3 e6 3. d4 Bb4 4. e3 O-O 5. Bd3 c5 6. Nf3 d5 7. O-O Nc6 8. a3
Bxc3 9. bxc3 b6 10. cxd5 exd5 11. Ne5 Qd6 12. Nxc6 Qxc6 13. f3 Re8 14. Rb1 Bd7
15. Qd2 Qc8 16. g4 h6 17. h4 Rb8 18. Rb2 Qc6 19. g5 Nh5 20. Qg2 Rbc8 21. Rbf2
cxd4 22. cxd4 Qd6 23. gxh6 Rc3 24. Qg5 Bh3 25. Rd1 Rxd3 26. Rxd3 Re6 27. h7+
Kh8 28. Kh1 Ng3+ 29. Kh2 Ne4+ 30. Qf4 Qxf4+ 31. exf4 Nxf2 32. Rd2 Re1 33. Rxf2
Rxc1 34. Kxh3 Rd1 35. Rc2 Rxd4 0-1

[Event "1CHC_F"]
[Site "?"]
[Date "2007.??.??"]
[Round "?"]
[White "Splichal, Josef"]
[Black "Svrsek, Radomir"]
[Result "1-0"]
[WhiteElo "2168"]
[BlackElo "2159"]
[PlyCount "101"]
[EventDate "2007.??.??"]
[EventType "corr"]
[SourceDate "2007.01.09"]

1. e4 c5 2. Nc3 Nc6 3. g3 Nf6 4. Bg2 e6 5. Nge2 Be7 6. d4 cxd4 7. Nxd4 O-O 8.
O-O d6 9. a4 a6 10. Bg5 Qc7 11. Nxc6 bxc6 12. a5 Rb8 13. b3 c5 14. Qe2 Bb7 15.
Rfd1 Rbd8 16. Na4 Rfe8 17. Nb6 d5 18. exd5 exd5 19. Re1 h6 20. Bxf6 Bxf6 21.
Qxe8+ Rxe8 22. Rxe8+ Kh7 23. Rd1 d4 24. Nd5 Bxd5 25. Bxd5 h5 26. Ra8 Qxa5 27.
Bxf7 d3 28. cxd3 Qa2 29. Rf1 h4 30. Bd5 h3 31. Bg8+ Kg6 32. Bc4 Kh7 33. Rxa6
Qe2 34. Be6 Qxd3 35. Rb6 Bd8 36. Rb8 Bc7 37. Rf8 Kh6 38. Rh8+ Kg6 39. Rxh3 Ba5
40. Bc4 Qd7 41. Kg2 Bc3 42. g4 Qd4 43. f4 Qe4+ 44. Rhf3 Kf6 45. R1f2 g6 46. Re2
Qb7 47. Kg3 Bd4 48. Re6+ Kg7 49. f5 gxf5 50. Rxf5 Qb8+ 51. Kf3 1-0

[Event "1CHC_F"]
[Site "?"]
[Date "2007.??.??"]
[Round "?"]
[White "Bednarik, Radovan"]
[Black "Svrsek, Radomir"]
[Result "1/2-1/2"]
[WhiteElo "2126"]
[BlackElo "2159"]
[PlyCount "64"]
[EventDate "2007.??.??"]
[EventType "corr"]
[SourceDate "2007.01.09"]

1. d4 Nf6 2. c4 e6 3. Nf3 d5 4. Nc3 Bb4 5. Qb3 Nc6 6. Bg5 dxc4 7. Qxc4 Qd5 8.
e3 Qxc4 9. Bxc4 Ne4 10. Rc1 f6 11. Bh4 Nd6 12. Be2 Bd7 13. Bg3 O-O-O 14. a3
Bxc3+ 15. bxc3 Ne7 16. h3 Bc6 17. O-O h5 18. Nd2 g5 19. f3 e5 20. Kf2 Nef5 21.
Bh2 Rhe8 22. Rfe1 Re7 23. d5 Bd7 24. Nb3 g4 25. Nc5 Nh6 26. e4 Rg8 27. Nxd7
Kxd7 28. Bd3 g3+ 29. Bxg3 Reg7 30. Bh4 Rxg2+ 31. Ke3 f5 32. Bf1 Rh2 1/2-1/2

[Event "1CHC_F"]
[Site "?"]
[Date "2007.??.??"]
[Round "?"]
[White "Paulik, Vaclav"]
[Black "Kratochvil, Vaclav"]
[Result "1-0"]
[WhiteElo "2160"]
[BlackElo "2216"]
[PlyCount "101"]
[EventDate "2007.??.??"]
[EventType "corr"]
[SourceDate "2007.01.09"]

1. e4 c5 2. c3 d5 3. exd5 Qxd5 4. d4 Nf6 5. Nf3 e6 6. Na3 Qd8 7. Nc2 Nc6 8. Bd3
b6 9. O-O Bb7 10. Qe2 cxd4 11. Ncxd4 Nxd4 12. Nxd4 a6 13. Bc4 b5 14. Nxb5 axb5
15. Bxb5+ Nd7 16. Rd1 Bc8 17. b4 Be7 18. a4 O-O 19. Bf4 Bf6 20. Qf3 Ra7 21. a5
h6 22. Qe3 Rb7 23. Bc6 e5 24. Bxb7 Bxb7 25. Bg3 Qc7 26. b5 Be7 27. c4 f6 28.
Qd2 Rd8 29. Qe2 Bc5 30. Kh1 Re8 31. f3 Rb8 32. Qd2 Nf8 33. a6 Ba8 34. Bf2 Bxf2
35. Qxf2 Ne6 36. Rab1 Nd4 37. Rxd4 exd4 38. Qxd4 Qa5 39. Rd1 Qa4 40. h3 Rc8 41.
Rc1 Qa5 42. Qe3 Kh8 43. Qc3 Qb6 44. Qd3 Qc5 45. Re1 Qc7 46. Re6 Rg8 47. Rd6 Qc8
48. Kh2 Qc7 49. b6 Qc8 50. a7 Re8 51. Qd4 1-0

[Event "1CHC_F"]
[Site "?"]
[Date "2007.??.??"]
[Round "?"]
[White "Paulik, Vaclav"]
[Black "Svrsek, Radomir"]
[Result "1/2-1/2"]
[WhiteElo "2160"]
[BlackElo "2159"]
[PlyCount "66"]
[EventDate "2007.??.??"]
[EventType "corr"]
[SourceDate "2007.01.09"]

1. e4 c5 2. c3 d5 3. exd5 Qxd5 4. d4 Nc6 5. Nf3 Bg4 6. Be2 e6 7. h3 Bxf3 8.
Bxf3 Qd7 9. Be3 cxd4 10. cxd4 Rd8 11. Nc3 Nxd4 12. Bxd4 Qxd4 13. Qxd4 Rxd4 14.
Bxb7 Bc5 15. Rc1 Ke7 16. Nb5 Bb4+ 17. Ke2 Rd2+ 18. Kf3 Kf6 19. a3 Ba5 20. b4
Bb6 21. Rc8 g5 22. Rf1 Kg7 23. a4 Rb2 24. a5 Bxa5 25. bxa5 Rxb5 26. a6 Ne7 27.
Rxh8 Kxh8 28. Rc1 Kg7 29. Rc7 Nd5 30. Bxd5 Rxd5 31. Rxa7 Ra5 32. Ke4 h5 33. Kd4
Kf6 1/2-1/2

[Event "1CHC_F"]
[Site "?"]
[Date "2007.??.??"]
[Round "?"]
[White "Bednarik, Radovan"]
[Black "Dedina, Miroslav"]
[Result "0-1"]
[WhiteElo "2126"]
[BlackElo "2165"]
[PlyCount "70"]
[EventDate "2007.??.??"]
[EventType "corr"]
[SourceDate "2007.01.09"]

1. d4 d5 2. c4 e6 3. g3 Nf6 4. Bg2 Be7 5. Nf3 O-O 6. O-O dxc4 7. Qc2 a6 8. Qxc4
b5 9. Qc2 Bb7 10. Bf4 Nc6 11. Rd1 Nb4 12. Qd2 c5 13. dxc5 Bxc5 14. a4 Bxf2+ 15.
Kf1 Ba7 16. Nc3 Qb6 17. e3 Rad8 18. Qe2 Rxd1+ 19. Rxd1 bxa4 20. Nd4 Bxg2+ 21.
Kxg2 Nfd5 22. Nxa4 Qb7 23. Kg1 e5 24. Bxe5 Re8 25. Bf4 Nxf4 26. gxf4 Nd5 27.
Qg2 Rxe3 28. b4 Qc8 29. Qxd5 Qg4+ 30. Kf2 Qxf4+ 31. Kg1 Qg4+ 32. Kf2 Bxd4 33.
Qd8+ Re8+ 34. Rxd4 Qe2+ 35. Kg1 h5 0-1

[Event "1CHC_F"]
[Site "?"]
[Date "2007.??.??"]
[Round "?"]
[White "Kratochvil, Vaclav"]
[Black "Tyrlik, Jaroslav"]
[Result "1-0"]
[WhiteElo "2216"]
[BlackElo "2101"]
[PlyCount "95"]
[EventDate "2007.??.??"]
[EventType "corr"]
[SourceDate "2007.01.09"]

1. e4 e6 2. d4 d5 3. exd5 exd5 4. Bd3 Bb4+ 5. c3 Bd6 6. Nf3 Nf6 7. O-O O-O 8.
Bg5 Bg4 9. h3 Be6 10. Qb3 b6 11. c4 Nc6 12. Bxf6 gxf6 13. c5 bxc5 14. dxc5 Be5
15. Bc2 Rb8 16. Qd3 f5 17. Nxe5 Nxe5 18. Qg3+ Ng6 19. Nd2 Qf6 20. b3 Rb5 21.
Rac1 Rxc5 22. Bb1 Rxc1 23. Rxc1 Qd4 24. Nf3 Qb2 25. Re1 c5 26. h4 f4 27. Qg5
Qg7 28. Bf5 Re8 29. Bxe6 fxe6 30. h5 Ne7 31. Qxg7+ Kxg7 32. Rxe6 c4 33. Kf1 Kf8
34. bxc4 dxc4 35. Rf6+ Kg7 36. Rxf4 c3 37. Rc4 Nd5 38. Rc6 Rd8 39. h6+ Kf7 40.
Ng5+ Ke7 41. g3 a6 42. Nxh7 Rg8 43. a3 Rh8 44. Ng5 Kd7 45. Rc5 Nc7 46. h7 Ne6
47. Nxe6 Kxe6 48. Rxc3 1-0

[Event "1CHC_F"]
[Site "?"]
[Date "2007.??.??"]
[Round "?"]
[White "Paulik, Vaclav"]
[Black "Splichal, Josef"]
[Result "1-0"]
[WhiteElo "2160"]
[BlackElo "2168"]
[PlyCount "59"]
[EventDate "2007.??.??"]
[EventType "corr"]
[SourceDate "2007.01.09"]

1. e4 e5 2. Nf3 Nc6 3. Bb5 Nf6 4. O-O Nxe4 5. d4 Nd6 6. Bxc6 dxc6 7. dxe5 Nf5
8. Qxd8+ Kxd8 9. Nc3 h6 10. Rd1+ Ke8 11. h3 Be6 12. g4 Ne7 13. Nd4 Bd7 14. Kh2
h5 15. Kg3 Ng6 16. f4 Bb4 17. Nf3 Bxc3 18. bxc3 Nf8 19. f5 c5 20. Bg5 Bc6 21.
Rd3 hxg4 22. hxg4 a6 23. Rad1 Nd7 24. f6 gxf6 25. Bxf6 Rh7 26. Nh4 Nxf6 27.
exf6 Kf8 28. Rd8+ Rxd8 29. Rxd8+ Be8 30. Nf3 1-0

[Event "1CHC_F"]
[Site "?"]
[Date "2007.??.??"]
[Round "?"]
[White "Kratochvil, Vaclav"]
[Black "Svrsek, Radomir"]
[Result "1/2-1/2"]
[WhiteElo "2216"]
[BlackElo "2159"]
[PlyCount "87"]
[EventDate "2007.??.??"]
[EventType "corr"]
[SourceDate "2007.01.09"]

1. e4 c6 2. d4 d5 3. exd5 cxd5 4. c3 e6 5. Nf3 Bd6 6. Bd3 Nf6 7. O-O Nc6 8. Re1
Qc7 9. Qe2 O-O 10. Ne5 Nd7 11. Bf4 Bxe5 12. dxe5 Nc5 13. Nd2 Nxd3 14. Qxd3 Ne7
15. c4 Bd7 16. Bg5 Bc6 17. Rac1 Qd7 18. Bxe7 Qxe7 19. c5 Rfc8 20. Qd4 Be8 21.
a3 Rc7 22. Rc3 b6 23. Rec1 bxc5 24. Rxc5 Rac8 25. Nb3 Rxc5 26. Nxc5 Qg5 27. f4
Qe7 28. b4 Bb5 29. Rc3 Qh4 30. h3 Qe1+ 31. Kh2 Qa1 32. Qe3 h6 33. Qg3 Rc6 34.
Rf3 Kh7 35. Qh4 Be2 36. Rg3 Qd4 37. Qd8 Qxf4 38. Nd7 g5 39. Nf6+ Kg6 40. Qg8+
Kf5 41. Qxf7 Kxe5 42. Qg7 Rc7 43. Qxc7+ Kxf6 44. Qd8+ 1/2-1/2

[Event "1CHC_F"]
[Site "?"]
[Date "2007.??.??"]
[Round "?"]
[White "Svrsek, Radomir"]
[Black "Portych, Vaclav"]
[Result "1/2-1/2"]
[WhiteElo "2159"]
[BlackElo "2147"]
[PlyCount "70"]
[EventDate "2007.??.??"]
[EventType "corr"]
[SourceDate "2007.01.09"]

1. e4 c5 2. Nf3 Nc6 3. d4 cxd4 4. Nxd4 Nf6 5. Nc3 e5 6. Ndb5 d6 7. Nd5 Nxd5 8.
exd5 Nb8 9. Bd3 a6 10. Nc3 Be7 11. Qh5 Nd7 12. Qg4 Nf6 13. Qg3 O-O 14. O-O b5
15. Qh4 Bb7 16. Bg5 g6 17. Bxf6 Bxf6 18. Qb4 Rb8 19. a4 a5 20. Qxb5 Ba8 21. Qc4
Rxb2 22. Rab1 Rxb1 23. Rxb1 Bg5 24. Qb3 Qe7 25. Bb5 Qc7 26. Ne4 Be7 27. c4 f5
28. Nd2 Bg5 29. Rd1 Bxd2 30. Rxd2 Bb7 31. Rd1 Kg7 32. Qa3 f4 33. Rc1 Rc8 34.
Rb1 Qc5 35. Qd3 Rf8 1/2-1/2

[Event "1CHC_F"]
[Site "?"]
[Date "2007.??.??"]
[Round "?"]
[White "Tyrlik, Jaroslav"]
[Black "Kohler, Josef"]
[Result "1-0"]
[WhiteElo "2101"]
[BlackElo "2176"]
[PlyCount "79"]
[EventDate "2007.??.??"]
[EventType "corr"]
[SourceDate "2007.01.09"]

1. d4 Nf6 2. Nf3 e6 3. Bg5 c5 4. Nc3 cxd4 5. Nxd4 Bb4 6. e4 Bxc3+ 7. bxc3 Qa5
8. Nb5 a6 9. Nd6+ Kf8 10. Bxf6 gxf6 11. Qf3 Ke7 12. Rd1 Nc6 13. Be2 b6 14. O-O
h5 15. Qh3 h4 16. f4 Qxa2 17. e5 f5 18. Bd3 Kf8 19. Nc4 b5 20. Ra1 Qxa1 21.
Rxa1 bxc4 22. Bxc4 Kg7 23. Kf2 Ne7 24. Qd3 Ng6 25. Qd4 a5 26. Ra4 Rf8 27. Bd3
Bb7 28. Qxd7 Bd5 29. Qd6 Rfc8 30. Qa3 Ra7 31. c4 Bc6 32. Rxa5 Rxa5 33. Qxa5
Nxf4 34. Qc5 Nxg2 35. Qe7 h3 36. Qg5+ Kf8 37. Kg3 Ne1 38. Be2 Nxc2 39. Qh6+ Ke8
40. Bh5 1-0

[Event "1CHC_F"]
[Site "?"]
[Date "2007.??.??"]
[Round "?"]
[White "Strnad, Jiri"]
[Black "Portych, Vaclav"]
[Result "1/2-1/2"]
[WhiteElo "2258"]
[BlackElo "2147"]
[PlyCount "91"]
[EventDate "2007.??.??"]
[EventType "corr"]
[SourceDate "2007.01.09"]

1. e4 c5 2. Nf3 Nc6 3. Nc3 d6 4. d4 cxd4 5. Nxd4 Nf6 6. Bg5 e5 7. Bxf6 gxf6 8.
Nf5 Bxf5 9. exf5 Nd4 10. Qxd4 exd4 11. Bb5+ Qd7 12. Bxd7+ Kxd7 13. Ne2 Re8 14.
Kd2 d5 15. a3 Bc5 16. Nf4 Kd6 17. Nd3 Rhg8 18. g3 Bb6 19. Rhe1 Re4 20. a4 Rg5
21. f4 Rg8 22. a5 Bd8 23. Nc1 Rge8 24. Rxe4 Rxe4 25. Nb3 Kc6 26. Ra4 Kb5 27.
Rxd4 Rxd4+ 28. Nxd4+ Kxa5 29. h4 Kb6 30. g4 Kc5 31. Kd3 a5 32. g5 fxg5 33. fxg5
Kd6 34. Nf3 b5 35. h5 a4 36. c3 Kc5 37. h6 b4 38. cxb4+ Kxb4 39. f6 Bc7 40. g6
fxg6 41. Ng5 Bd6 42. Ne6 Kb3 43. Kd4 Kxb2 44. Kxd5 Bb4 45. Nc5 Bd2 46. Nxa4+
1/2-1/2

[Event "1CHC_F"]
[Site "?"]
[Date "2007.??.??"]
[Round "?"]
[White "Kuchta, Jiri"]
[Black "Bednarik, Radovan"]
[Result "1/2-1/2"]
[WhiteElo "2244"]
[BlackElo "2126"]
[PlyCount "108"]
[EventDate "2007.??.??"]
[EventType "corr"]
[SourceDate "2007.01.09"]

1. d4 d5 2. Nf3 Nf6 3. e3 e6 4. Bd3 Bd6 5. O-O Nc6 6. Nbd2 e5 7. dxe5 Nxe5 8.
Nxe5 Bxe5 9. c4 c6 10. Qc2 Qe7 11. cxd5 Nxd5 12. a3 Bc7 13. b4 Qe5 14. g3 Qh5
15. b5 Bd7 16. Be4 Be5 17. Rb1 O-O 18. Bf3 Qg6 19. Qxg6 fxg6 20. Bb2 Bxb2 21.
Rxb2 Rf6 22. Rc1 Nb6 23. Bg2 cxb5 24. Bxb7 Rb8 25. Rc7 Rd6 26. Bf3 a6 27. Ra7
Nc8 28. Ne4 Nxa7 29. Nxd6 Kf8 30. Rc2 Rb6 31. Ne4 Nc6 32. Nc5 Ke7 33. Bd5 b4
34. Ra2 Rb5 35. Bxc6 Bxc6 36. axb4 Rxb4 37. f4 Rb5 38. Nd3 a5 39. h4 Bd5 40.
Ra1 Kf6 41. Kf2 h6 42. g4 g5 43. h5 Be4 44. Ne5 Bc2 45. Nc6 gxf4 46. exf4 a4
47. Nd4 Rb2 48. Kf3 Bb3 49. Ke3 Ra2 50. Rc1 Rg2 51. Rc6+ Kf7 52. Rc7+ Kf6 53.
Rc6+ Kf7 54. Rc7+ Kf6 1/2-1/2

[Event "1CHC_F"]
[Site "?"]
[Date "2007.??.??"]
[Round "?"]
[White "Tyrlik, Jaroslav"]
[Black "Svrsek, Radomir"]
[Result "0-1"]
[WhiteElo "2101"]
[BlackElo "2159"]
[PlyCount "92"]
[EventDate "2007.??.??"]
[EventType "corr"]
[SourceDate "2007.01.09"]

1. d4 Nf6 2. Nf3 e6 3. Bg5 h6 4. Bxf6 Qxf6 5. e4 Nc6 6. Nc3 Bb4 7. e5 Qf4 8.
Bd3 Nxd4 9. Nxd4 Qxd4 10. O-O Bxc3 11. bxc3 Qxe5 12. Qf3 O-O 13. Rfe1 Qc5 14.
Qe4 f5 15. Qd4 Qxd4 16. cxd4 Kf7 17. Rab1 d6 18. Bc4 c6 19. a4 b6 20. a5 Rb8
21. h4 Bd7 22. axb6 axb6 23. f4 b5 24. Bb3 Ra8 25. h5 Rfe8 26. c4 bxc4 27. Bxc4
Reb8 28. Be2 Rxb1 29. Rxb1 Ra4 30. Rd1 Ra2 31. Kf1 Ke7 32. g3 Be8 33. Rd3 Kd8
34. Ke1 Rb2 35. Ra3 Rb4 36. Rd3 Ke7 37. Bf3 Ra4 38. Kf2 Rc4 39. Ke3 c5 40. dxc5
Rxc5 41. Ra3 e5 42. Be2 e4 43. g4 fxg4 44. Bxg4 Bxh5 45. Bxh5 Rxh5 46. Kxe4 d5+
0-1

[Event "1CHC_F"]
[Site "?"]
[Date "2007.??.??"]
[Round "?"]
[White "Tyrlik, Jaroslav"]
[Black "Strnad, Jiri"]
[Result "1/2-1/2"]
[WhiteElo "2101"]
[BlackElo "2258"]
[PlyCount "71"]
[EventDate "2007.??.??"]
[EventType "corr"]
[SourceDate "2007.01.09"]

1. d4 Nf6 2. Nf3 e6 3. Bg5 c5 4. Nc3 cxd4 5. Qxd4 Nc6 6. Qh4 Bb4 7. e4 Bxc3+ 8.
bxc3 h6 9. Nd2 O-O 10. Bxf6 Qxf6 11. Qxf6 gxf6 12. O-O-O Ne7 13. c4 b6 14. Nb3
Rd8 15. c5 Bb7 16. f3 Rac8 17. Bb5 Rc7 18. cxb6 axb6 19. Kb2 f5 20. Rhe1 fxe4
21. fxe4 f6 22. e5 fxe5 23. Rxe5 Bd5 24. a4 Kg7 25. Nd2 Nf5 26. Rf1 Bc6 27. Bd3
Bxa4 28. Rf4 b5 29. Bxf5 exf5 30. c3 Rdc8 31. Rf3 Bd1 32. Rd3 Bh5 33. Red5 Re8
34. Nb3 Re2+ 35. Rd2 Rxd2+ 36. Nxd2 1/2-1/2

[Event "1CHC_F"]
[Site "?"]
[Date "2007.??.??"]
[Round "?"]
[White "Pirhala, Ladislav"]
[Black "Tyrlik, Jaroslav"]
[Result "0-1"]
[WhiteElo "2120"]
[BlackElo "2101"]
[PlyCount "96"]
[EventDate "2007.??.??"]
[EventType "corr"]
[SourceDate "2007.01.09"]

1. e4 e5 2. Nf3 Nc6 3. Bb5 a6 4. Ba4 Nf6 5. O-O Nxe4 6. d4 b5 7. Bb3 d5 8. dxe5
Be6 9. c3 Bc5 10. Nbd2 O-O 11. Bc2 f5 12. Nb3 Bb6 13. Nfd4 Nxd4 14. Nxd4 Qe7
15. f3 Nc5 16. b4 Nd7 17. f4 Bxd4+ 18. cxd4 Qxb4 19. Rf3 Qe7 20. Rh3 c5 21. Qh5
g6 22. Qe2 c4 23. Be3 b4 24. Bf2 Nb8 25. Ba4 Bd7 26. Bh4 Qf7 27. Bc2 Nc6 28.
Qd2 a5 29. Bd1 Na7 30. Be1 Nb5 31. Qf2 Rab8 32. Qe3 Rfc8 33. Qf2 Be6 34. Ba4
Qa7 35. Rd1 Bd7 36. Bc2 Na3 37. Qh4 Be8 38. Rxa3 bxa3 39. Qg3 c3 40. Bxc3 Qc7
41. Bxf5 Qxc3 42. Be6+ Bf7 43. Bxc8 Rxc8 44. f5 Qxg3 45. hxg3 gxf5 46. Rd3 Rc4
47. Rxa3 Rxd4 48. Rxa5 Re4 0-1

[Event "1CHC_F"]
[Site "?"]
[Date "2007.??.??"]
[Round "?"]
[White "Paulik, Vaclav"]
[Black "Tyrlik, Jaroslav"]
[Result "1-0"]
[WhiteElo "2160"]
[BlackElo "2101"]
[PlyCount "79"]
[EventDate "2007.??.??"]
[EventType "corr"]
[SourceDate "2007.01.09"]

1. e4 e5 2. Nf3 Nf6 3. Nxe5 d6 4. Nf3 Nxe4 5. d4 Be7 6. Bd3 Nf6 7. O-O O-O 8.
h3 Re8 9. c4 Nc6 10. Nc3 d5 11. c5 b6 12. Bb5 Nb4 13. Bxe8 Qxe8 14. Re1 Be6 15.
a3 Nc6 16. b4 Qd7 17. Bf4 a6 18. Ne5 Nxe5 19. dxe5 Ne8 20. cxb6 cxb6 21. Be3
Rb8 22. Ne2 Nc7 23. Qd3 Nb5 24. Nf4 d4 25. Nxe6 fxe6 26. Bd2 Rf8 27. a4 Nc7 28.
Re4 Rd8 29. Rc1 b5 30. Qc2 Nd5 31. Rxd4 bxa4 32. Qc6 Bf8 33. Qxd7 Rxd7 34. Ra1
Rb7 35. Rxa4 Rb6 36. f4 Kf7 37. g4 g6 38. f5 gxf5 39. gxf5 h5 40. Kf2 1-0